<?xml version="1.0" encoding="UTF-8"?>
<collection xmlns="http://www.loc.gov/MARC21/slim">
 <record>
  <leader>00651nam a22002055a 4500</leader>
  <controlfield tag="001">CEM.cems007607</controlfield>
  <controlfield tag="005">20061103152952.0</controlfield>
  <controlfield tag="008">130507s1974##################000#0#####d</controlfield>
  <controlfield tag="003">CEMS</controlfield>
  <datafield tag="082" ind1="0" ind2="4">
   <subfield code="a">982.06</subfield>
  </datafield>
  <datafield tag="100" ind1="1" ind2=" ">
   <subfield code="a">Monteverde, Mario R, dir</subfield>
  </datafield>
  <datafield tag="245" ind1="1" ind2="0">
   <subfield code="a">Historia del radicalismo :</subfield>
   <subfield code="b">tomo 2 /</subfield>
   <subfield code="c">Mario R. Monteverde</subfield>
  </datafield>
  <datafield tag="260" ind1=" " ind2=" ">
   <subfield code="a">Buenos Aires :</subfield>
   <subfield code="b">Oriente,</subfield>
   <subfield code="c">1974</subfield>
  </datafield>
  <datafield tag="300" ind1=" " ind2=" ">
   <subfield code="a">305 p.</subfield>
  </datafield>
  <datafield tag="653" ind1=" " ind2=" ">
   <subfield code="a">Historia argentina 1930-1976</subfield>
  </datafield>
  <datafield tag="653" ind1=" " ind2=" ">
   <subfield code="a">Historia política argentina</subfield>
  </datafield>
  <datafield tag="653" ind1=" " ind2=" ">
   <subfield code="a">Illia -presidencia</subfield>
  </datafield>
  <datafield tag="653" ind1=" " ind2=" ">
   <subfield code="a">Partidos políticos-argentina</subfield>
  </datafield>
  <datafield tag="653" ind1=" " ind2=" ">
   <subfield code="a">Radicalismo-argentina</subfield>
  </datafield>
  <datafield tag="859" ind1=" " ind2=" ">
   <subfield code="a">CEMS</subfield>
   <subfield code="b">BIB. CEMS - 11 de abril</subfield>
   <subfield code="h">982.06</subfield>
   <subfield code="i">M765</subfield>
   <subfield code="p">17746.94</subfield>
   <subfield code="t">Ej.1</subfield>
   <subfield code="v">2</subfield>
   <subfield code="3">2</subfield>
  </datafield>
 </record>
</collection>
